Größte Schlachten des 19. Jhr. - Statistiken

Allgemein
  • Dieses Quiz wurde 35 mal gespielt
  • Das Durchschnittsergebnis liegt bei 4 aus 14
Antwortstatistiken
Jahr Streitkräfte Schlacht % Korrekt
1813 ca. 625.000 Völkerschlacht bei Leipzig
96%
1870 ca. 320.000 Schlacht von Sedan
71%
1812 ca. 250.000 Schlacht von Borodino
46%
1866 ca. 440.000 Schlacht bei Königgrätz
43%
1806 ca. 240.000 Schlacht bei Jena undAuerstedt
39%
1809 ca. 310.000 Schlacht bei Wagram
29%
1813 ca. 290.000 Schlacht um Dresden
18%
1859 ca. 280.000 Schlacht von Solferino
14%
1813 ca. 250.000 Schlacht bei Bautzen
11%
1870 ca. 340.000 Schlacht bei Gravelotte
11%
1813 ca. 230.000 Schlacht bei Großgörschen/ Lützen
11%
1870 ca. 210.000 Schlacht bei Mars-la-Tour
11%
1862 ca. 220.000 Schlacht von Fredericksburg
11%
1871 ca. 210.000 Schlacht bei Le Mans
7%
Keine übereinstimmenden Quizze gefunden
Verteilung der Resultate
Anzahl Personen mit jedem Resultat
Perzentil nach korrekt beantworteten Fragen
Ihre Resultats-Entwicklung
Sie haben dieses Quiz noch nicht gespielt